000 01007nam a2200313 i 4500
001 21138
003 KOSZ 005
005 20200518134220.0
008 991116s1982 pl a e |000 0 pol
015 _aPB 1982/7257
020 _a830100200X
035 _a(OCoLC)830293614
040 _aWA N
_cWA N
_dKOSZ 005/HR
041 0 _apol
080 _a61
080 _a(03)
245 0 0 _aMała encyklopedia medycyny.
_nT. 1,
_pA-O /
_caut. Stanisław Bogusławski [et al. ; red. nacz. Tadeusz Rożniatowski].
250 _a[Wyd. 2].
260 _aWarszawa :
_bPańst. Wydaw. Naukowe,
_c1982.
300 _a869 s. :
_bil. ;
_c21 cm.
380 _aKsiążki
658 _aMedycyna i zdrowie
655 4 _aEncyklopedia
650 4 _aMedycyna
700 1 _aBogusławski, Stanisław
_eAutor
700 1 _aRożniatowski, Tadeusz
_d(1915-1987)
_eRedakcja
856 _uhttp://koha.tu.koszalin.pl/cgi-bin/koha/opac-detail.pl?biblionumber=21138
_yKatalog online BPK
942 _2UKD
_cKS
999 _c21138
_d21138